As crianças que aprenderam a repartir

Salvato in:
Dettagli Bibliografici
Autore principale: Schabert, Rosa
Natura: Libro
Lingua:Undetermined
Pubblicazione: São Paulo, Brasil Editora Stiliano 1999
Edizione:2 ed.
Soggetti:
Tags: Aggiungi Tag
Nessun Tag, puoi essere il primo ad aggiungerne!!

MARC

LEADER 00000nam a2200000Ia 4500
008 170316s9999 xx 000 0 und d
999 |c 30815  |d 30815 
020 |a 85-86633-18-6 
040 |a cru BVZT 
090 |a 869 S-1.1s 
100 |a Schabert, Rosa 
245 |a As crianças que aprenderam a repartir 
250 |a 2 ed. 
260 |a São Paulo, Brasil  |b Editora Stiliano  |c 1999 
300 |a 57 páginas 
500 |a Incluye índice 
650 |a LITERATURA BRASILEÑA  |9 196 
650 0 |a CUENTOS  |9 271 
942 |c 15 D  |h 869 S-1.1s  |2 z